[Event "Novosibirsk Sibiria op-C"]
[Site "Novosibirsk"]
[Date "2007.07.23"]
[Round "3"]
[White "Gankin, Stanislav"]
[Black "Akselrod, Vladislav"]
[Result "0-1"]
[WhiteElo "2338"]
[BlackElo "2427"]
[PlyCount "58"]
[EventDate "2007.07.21"]
[EventType "swiss"]
[EventRounds "9"]
[EventCountry "RUS"]
[SourceTitle "EXT 2008"]
[Source "ChessBase"]
[SourceDate "2007.11.25"]
[SourceVersion "1"]
[SourceVersionDate "2007.11.25"]
[SourceQuality "1"]

1. e4 e6 2. d4 d5 3. Nc3 Bb4 4. a3 Bxc3+ 5. bxc3 dxe4 6. Qg4 Nf6 7. Qxg7 Rg8 8. Qh6 Rg6 9. Qh4 c5 10. Ne2 cxd4 11. cxd4 Nc6 12. c3 Qa5 13. Bd2 e5 14. c4 Qb6 15. c5 Qd8 16. dxe5 Nxe5 17. Nf4 Rg4 18. Bb5+ Bd7 19. Bxd7+ Nfxd7 20. Qxh7 Qf6 21. Qxe4 Nxc5 22. Qe2 Rxf4 23. Bxf4 Ncd3+ 24. Kf1 Nxf4 25. Qb5+ Kf8 26. g3 Nfd3 27. f4 Rc8 28. Rd1 Rc2 29. Rxd3 Nxd3 0-1

[Event "Izmailov Memorial op 10th"]
[Site "Tomsk"]
[Date "2006.07.18"]
[Round "7"]
[White "Akselrod, Vladislav"]
[Black "Dashibalov, Erdem"]
[Result "1-0"]
[WhiteElo "2428"]
[BlackElo "2287"]
[PlyCount "55"]
[EventDate "2006.07.12"]
[EventType "swiss"]
[EventRounds "9"]
[EventCountry "RUS"]
[SourceTitle "EXT 2008"]
[Source "ChessBase"]
[SourceDate "2007.11.25"]
[SourceVersion "1"]
[SourceVersionDate "2007.11.25"]
[SourceQuality "1"]

1. d4 Nf6 2. Nf3 e6 3. e3 b6 4. Bd3 Bb7 5. 0-0 d5 6. c4 Bd6 7. cxd5 exd5 8. b4 0-0 9. a3 Nbd7 10. Bb2 Qe7 11. Nc3 c6 12. Qb3 a6 13. Bf5 Ne4 14. Nxe4 dxe4 15. Nd2 Nf6 16. f3 exf3 17. Rxf3 c5 18. dxc5 Be5 19. Rh3 Bd5 20. Bxh7+ Nxh7 21. Qxd5 Bxb2 22. Qh5 f6 23. Qxh7+ Kf7 24. Rg3 Rg8 25. Rf1 bxc5 26. Nc4 Bc3 27. Qd3 cxb4 28. Qd5+ 1-0

[Event "Izmailov Memorial op 10th"]
[Site "Tomsk"]
[Date "2006.07.17"]
[Round "6"]
[White "Ovetchkin, Roman"]
[Black "Akselrod, Vladislav"]
[Result "1-0"]
[WhiteElo "2539"]
[BlackElo "2428"]
[PlyCount "51"]
[EventDate "2006.07.12"]
[EventType "swiss"]
[EventRounds "9"]
[EventCountry "RUS"]
[SourceTitle "EXT 2008"]
[Source "ChessBase"]
[SourceDate "2007.11.25"]
[SourceVersion "1"]
[SourceVersionDate "2007.11.25"]
[SourceQuality "1"]

1. e4 e6 2. d4 d5 3. exd5 exd5 4. Nf3 Nf6 5. Bg5 Be7 6. Bd3 0-0 7. 0-0 Bg4 8. Nbd2 Nh5 9. Be3 Nf6 10. c3 c6 11. Qc2 Bh5 12. Ne5 Bg6 13. Nxg6 hxg6 14. Bf4 Nbd7 15. h3 Nh5 16. Bh2 g5 17. Rae1 Nf4 18. Bxf4 gxf4 19. Re2 Bd6 20. Rfe1 Qh4 21. Nf3 Qh6 22. c4 dxc4 23. Bxc4 Nb6 24. Re6 fxe6 25. Rxe6 Nxc4 26. Rxh6 1-0